书目信息 |
| 题名: |
设计色彩
|
|
| 作者: | 承杰 , 吴君绣 著 | |
| 分册: | ||
| 出版信息: | 合肥 合肥工业大学出版社 2004 |
|
| 页数: | 79页 | |
| 开本: | 26cm | |
| 丛书名: | 现代设计艺术丛书 | |
| 单 册: | ||
| 中图分类: | J063 | |
| 科图分类: | ||
| 主题词: | 色彩学 | |
| 电子资源: | ||
| ISBN: | 7-81093-119-9 | |
| 000 | 00629nam2 2200229 45 | |
| 001 | 0503281464 | |
| 005 | 20050328145220.0 | |
| 010 | @a7-81093-119-9@dCNY39.00 | |
| 100 | @a20050328d2004 km y0chiy0120 ea | |
| 101 | 0 | @achi |
| 105 | @a z 000yy | |
| 200 | 1 | @a设计色彩@AShe Ji Se Cai@f承杰,吴君绣著@FCheng Jie,Wu Jun Xiu Zhu |
| 210 | @a合肥@c合肥工业大学出版社@d2004 | |
| 215 | @a79页@d26cm | |
| 225 | @a现代设计艺术丛书@h11 | |
| 410 | @12001 @a现代设计艺术丛书 | |
| 606 | 0 | @a色彩学 |
| 690 | @aJ063@v4 | |
| 701 | 0 | @a承杰@4著 |
| 701 | 0 | @a吴君绣@4著 |
| 801 | @aCN@bTSTCL@c20050328 | |
| 905 | @f5@b346226-230@dJ063@e125 | |
| 设计色彩/承杰,吴君绣著.-合肥:合肥工业大学出版社,2004 |
| 79页;26cm.-(现代设计艺术丛书.11) |
| ISBN 7-81093-119-9:CNY39.00 |
| ● |
| 相关链接 |
|
|
|
|
正题名:设计色彩
索取号:J063/125
 
预约/预借
| 序号 | 登录号 | 条形码 | 馆藏地/架位号 | 状态 | 备注 |
| 1 | 0346226 | 203462261 | 第一样本阅览室/ [索取号:J063/125] | 在馆 | |
| 2 | 0346227 | 203462270 | 第一借阅区/ [索取号:J063/125] | 在馆 | |
| 3 | 0346228 | 203462289 | 第一借阅区/ [索取号:J063/125] | 在馆 | |
| 4 | 0346229 | 203462298 | 第一借阅区/ [索取号:J063/125] | 在馆 | |
| 5 | 0346230 | 203462305 | 第一借阅区/ [索取号:J063/125] | 在馆 |